000 00435nam a2200181Ia 4500
001 21436
005 20260306172919.0
008 260306t2008||||xx |||||||||||||| ||spa||
041 _aESP
082 _a345
_bD59
100 _aAlcalá-Zamora, Niceto
_eAUT
245 0 _aEstudio acerca del allanamiento en el proceso penal
260 _c2008
300 _a
_c28 cm.
650 _aGEN
654 _aCDE
942 _cLIB
_dJUS
_fJUS
_2ddc
_n
999 _c21436
_d21436